Gaming Quiz

Random Gaming or Video Games Quiz
Score 0/16 Timer 02:00
0 Plays Today
Game Missing Word % Correct
Star Wars: The _______ Strikes BackEmpire
91%
Space _______Invaders
76.4%
_______ PositionPole
60.3%
_______ and the Red BaronSnoopy
52.7%
_______ CommandMissile
46.3%
Air-Sea _______Battle
33.5%
Yars' _______Revenge
30.1%
_______ RaidRiver
23%
Game Missing Word % Correct
Moon _______Patrol
20.4%
_______ Monster MunchCookie
15.4%
_______ ChambersDark
12.4%
Laser _______Blast
12%
______ AtariCircus
12%
_______ ArkCosmic
7.8%
Midnight _______Magic
7.6%
A Game of _______Concentration
5.6%
Remove Ads.
Support Sporcle.
Get the best of Sporcle when you Go Orange. This ad-free experience offers more features, more stats, and more fun while also helping to support Sporcle. Thank you for becoming a member.

You're not logged in!

Compare scores with friends on all Sporcle quizzes.
OR
Log In

Sporcle TV

Today on Sporcle TV


Watch our educational content, quiz creation guides, and fun videos on Sporcle TV.

Show Comments

Extras

Top Quizzes Today


Score Distribution

Paid Content

Your Account Isn't Verified!

In order to create a playlist on Sporcle, you need to verify the email address you used during registration. Go to your Sporcle Settings to finish the process.

Report this User

Report this user for behavior that violates our Community Guidelines.

Details: